书目信息 |
| 题名: |
理论学习与实践创新
|
|
| 作者: | 全 海 主编 ;北京林业大学党委理论中心组 组编 | |
| 分册: | ||
| 出版信息: | 北京 全国百佳出版社 2012.4 |
|
| 页数: | 261页 | |
| 开本: | 24cm | |
| 丛书名: | ||
| 单 册: | ||
| 中图分类: | G47-53 | |
| 科图分类: | ||
| 主题词: | 学校管理--文集 | |
| 电子资源: | ||
| ISBN: | 978-7-5117-1342-1 | |
| 000 | 01021nam0 2200241 45 | |
| 001 | 1360530187 | |
| 005 | 20130603085037.82 | |
| 010 | @a978-7-5117-1342-1@dCNY53.00 | |
| 100 | @a20130513d2012 em y0chiy0121 ea | |
| 101 | 0 | @achi |
| 102 | @aCN@b110000 | |
| 105 | @ay z 000yy | |
| 106 | @ar | |
| 200 | 1 | @a理论学习与实践创新@ALi Lun Xue Xi Yu Shi Jian Chuang Xin@f北京林业大学党委理论中心组组编@FBei Jing Lin Ye Da Xue Dang Wei Li Lun Zhong Xin Zu Zu Bian@g全海主编 |
| 210 | @a北京@c全国百佳出版社@c中央编译出版社@d2012.4 | |
| 215 | @a261页@d24cm | |
| 330 | @a本书收集了47篇论文, 是该校中心组工作的成果之一。论文作者既有学校领导, 也有各级党委中心组成员和党委、思政工作干部。所收入的论文既有对学校改革发展的战略思考, 也有学习和工作陈国的凝练与总结。 | |
| 606 | 0 | @a学校管理@j文集 |
| 690 | @aG47-53@v5 | |
| 701 | 0 | @a全 海@AQuan Hai@4主编 |
| 712 | 02 | @a北京林业大学党委理论中心组@ABei Jing Lin Ye Da Xue Dang Wei Li Lun Zhong Xin Zu@4组编 |
| 801 | @aCN@bTANGWEI@c20130522 | |
| 905 | @b0834798-803@dG47-53@e87@f6 | |
| 理论学习与实践创新/北京林业大学党委理论中心组组编/全海主编.-北京:全国百佳出版社:中央编译出版社,2012.4 |
| 261页;24cm |
| ISBN 978-7-5117-1342-1:CNY53.00 |
| 本书收集了47篇论文, 是该校中心组工作的成果之一。论文作者既有学校领导, 也有各级党委中心组成员和党委、思政工作干部。所收入的论文既有对学校改革发展的战略思考, 也有学习和工作陈国的凝练与总结。 |
| ● |
| 相关链接 |
|
|
|
|
正题名:理论学习与实践创新
索取号:G47-53/87
 
预约/预借
| 序号 | 登录号 | 条形码 | 馆藏地/架位号 | 状态 | 备注 |
| 1 | 0834798 | 208347984 | 第一样本阅览室/ [索取号:G47-53/87] | 在馆 | |
| 2 | 0834799 | 208347993 | 教育系资料室/ [索取号:G47-53/87] | 在馆 | |
| 3 | 0834800 | 208348000 | 第四借阅区/ [索取号:G47-53/87] | 在馆 | |
| 4 | 0834801 | 208348019 | 第四借阅区/ [索取号:G47-53/87] | 在馆 | |
| 5 | 0834802 | 208348028 | 第四借阅区/ [索取号:G47-53/87] | 在馆 | |
| 6 | 0834803 | 208348037 | 教育系资料室/ [索取号:G47-53/87] | 在馆 |